Crisis and Legitimacy in Atlantic American Narratives of Piracy (Record no. 29013)

MARC details
000 -LEADER
fixed length control field 00611nam a2200121Ia 4500
008 - FIXED-LENGTH DATA ELEMENTS--GENERAL INFORMATION
fixed length control field 220620s9999||||xx |||||||||||||| ||und||
100 ## - MAIN ENTRY--PERSONAL NAME
Personal name Ganser, Alexandra
245 #0 - TITLE STATEMENT
Title Crisis and Legitimacy in Atlantic American Narratives of Piracy
Remainder of title 1678-1865
546 ## - LANGUAGE NOTE
Language note English[eng]
650 ## - SUBJECT ADDED ENTRY--TOPICAL TERM
Topical term or geographic name entry element North American Literature||Comparative Literature||Literary History||Transatlantic||Piracy||Early American Literature||Martime Literature||Antebellum||Open Access||Literature: history & criticism
856 ## - ELECTRONIC LOCATION AND ACCESS
Uniform Resource Identifier <a href="https://library.oapen.org/bitstream/20.500.12657/41276/1/2020_Book_CrisisAndLegitimacyInAtlanticA.pdf">https://library.oapen.org/bitstream/20.500.12657/41276/1/2020_Book_CrisisAndLegitimacyInAtlanticA.pdf</a>
942 ## - ADDED ENTRY ELEMENTS (KOHA)
Koha item type E-Books
Holdings
Withdrawn status Lost status Damaged status Not for loan Home library Current library Date acquired Total Checkouts Date last seen Price effective from Koha item type
        Kerala University of Digital Sciences, Innovation and Technology Knowledge Centre Kerala University of Digital Sciences, Innovation and Technology Knowledge Centre 20/06/2022   20/06/2022 20/06/2022 E-Books